Bioinformatics : (Record no. 593005)

000 -LEADER
fixed length control field 04409cam a22004818i 4500
001 - CONTROL NUMBER
control field 21085219
003 - CONTROL NUMBER IDENTIFIER
control field NUST
005 - DATE AND TIME OF LATEST TRANSACTION
control field 20230125153652.0
008 - FIXED-LENGTH DATA ELEMENTS--GENERAL INFORMATION
fixed length control field 190715s2020 nju b 001 0 eng
010 ## - LIBRARY OF CONGRESS CONTROL NUMBER
LC control number 2019030489
020 ## - INTERNATIONAL STANDARD BOOK NUMBER
International Standard Book Number 9781119335580
Qualifying information (cloth)
020 ## - INTERNATIONAL STANDARD BOOK NUMBER
Canceled/invalid ISBN 9781119335962
Qualifying information (adobe pdf)
020 ## - INTERNATIONAL STANDARD BOOK NUMBER
Canceled/invalid ISBN 9781119335955
Qualifying information (epub)
035 ## - SYSTEM CONTROL NUMBER
System control number (DNLM)101750993
040 ## - CATALOGING SOURCE
Original cataloging agency DNLM/DLC
Language of cataloging eng
Description conventions rda
Transcribing agency DLC
042 ## - AUTHENTICATION CODE
Authentication code pcc
050 00 - LIBRARY OF CONGRESS CALL NUMBER
Classification number QH324.2
060 10 - NATIONAL LIBRARY OF MEDICINE CALL NUMBER
Classification number QU 550.5.S4
082 00 - DEWEY DECIMAL CLASSIFICATION NUMBER
Classification number 570.285
Edition number 23
130 0# - MAIN ENTRY--UNIFORM TITLE
Uniform title Bioinformatics (Baxevanis)
9 (RLIN) 107657
245 10 - TITLE STATEMENT
Title Bioinformatics :
Remainder of title a practical guide to the analysis of genes and proteins /
Statement of responsibility, etc. edited by Andreas D. Baxevanis, Gary D. Bader, David S. Wishart.
250 ## - EDITION STATEMENT
Edition statement Fourth edition.
263 ## - PROJECTED PUBLICATION DATE
Projected publication date 1912
264 #1 - PRODUCTION, PUBLICATION, DISTRIBUTION, MANUFACTURE, AND COPYRIGHT NOTICE
Place of production, publication, distribution, manufacture Hoboken, NJ :
Name of producer, publisher, distributor, manufacturer Wiley,
Date of production, publication, distribution, manufacture, or copyright notice 2020.
300 ## - PHYSICAL DESCRIPTION
Extent pages cm
336 ## - CONTENT TYPE
Content type term text
Content type code txt
Source rdacontent
337 ## - MEDIA TYPE
Media type term unmediated
Media type code n
Source rdamedia
338 ## - CARRIER TYPE
Carrier type term volume
Carrier type code nc
Source rdacarrier
504 ## - BIBLIOGRAPHY, ETC. NOTE
Bibliography, etc. note Includes bibliographical references and index.
505 0# - FORMATTED CONTENTS NOTE
Formatted contents note Biological sequence databases / Andreas D. Baxevanis -- Information retrieval from biological databases / Andreas D. Baxevanis -- Assessing pairwise sequence similarity : BLAST and FASTA / Andreas D. Baxevanis -- Genome browsers / Tyra G. Wolfsberg -- Genome annotation / David S. Wishart -- Predictive methods using RNA sequences / Michael F. Sloma, Michael Zuker, and David H. Mathews -- Predictive methods using protein sequences / Jonas Reeb, Tatyana Goldberg, Yanay Ofran, and Burkhard Rost -- Multiple sequence alignments / Fabian Sievers, Geoffrey J. Barton, and Desmond G. Higgins -- Molecular evolution and phylogenetic analysis / Emma J. Griffiths and Fiona S.L. Brinkman -- Expression analysis / Marieke L. Kuijjer, Joseph N. Paulson, and John Quackenbush -- Proteomics and protein identification by mass spectrometry / Sadhna Phanse and Andrew Emili -- Protein structure prediction and analysis / David S. Wishart -- Biological networks and pathways / Gary D. Bader -- Metabolomics / David S. Wishart -- Population genetics / Lynn B. Jorde and W. Scott Watkins -- Metagenomics and microbial community analysis / Robert G. Beiko -- Translational bioinformatics / Sean D. Mooney and Stephen J. Mooney -- Statistical methods for biologists / Hunter N.B. Moseley.
520 ## - SUMMARY, ETC.
Summary, etc. "This fully revised Fourth Edition to a best-selling resource provides the reader with a hands-on guide to computational biology, primarily in the area of sequence analysis. The subject matter will cover a broad spectrum of concepts in bioinformatics, beginning with an overview of biological databases and ending with a series of chapters on predictive and comparative algorithms. Using relevant biological examples, the book will provide background on and strategies for using many of the most powerful and commonly-used algorithms for sequence-based discovery. Given the explosion in the number of organisms whose genomes have been sequenced over the last several years, the emergence of new types of data sets (particularly those derived using next-generation sequencing technologies), and increasing emphasis on being able to make effective use of "big data", the book is both timely and important to investigators in molecular biology and related fields. With a full-color, enlarged page design, this edition offers the most readable, up-to-date, and thorough introduction to the field for biologists. The new "Foundations" section insures that readers have a firm understanding of the technologies that generate the data, as well as the essential statistical and programming tools. Features include special boxes, enhanced use of real examples, and problem sets with answers provided on the book's dedicated website (www.wiley.com/bioinformatics). A glossary and appendix of sample file formats rounds out the book's reader-friendly, 'hands-on' treatment"--
Assigning source Provided by publisher.
650 12 - SUBJECT ADDED ENTRY--TOPICAL TERM
Topical term or geographic name entry element Computational Biology
General subdivision methods
9 (RLIN) 21335
650 12 - SUBJECT ADDED ENTRY--TOPICAL TERM
Topical term or geographic name entry element Sequence Analysis
General subdivision methods
9 (RLIN) 107658
650 22 - SUBJECT ADDED ENTRY--TOPICAL TERM
Topical term or geographic name entry element Base Sequence
9 (RLIN) 107659
650 22 - SUBJECT ADDED ENTRY--TOPICAL TERM
Topical term or geographic name entry element Databases, Nucleic Acid
9 (RLIN) 107660
650 22 - SUBJECT ADDED ENTRY--TOPICAL TERM
Topical term or geographic name entry element Databases, Protein
9 (RLIN) 107661
700 1# - ADDED ENTRY--PERSONAL NAME
Personal name Baxevanis, Andreas D.,
Relator term editor.
9 (RLIN) 107662
700 1# - ADDED ENTRY--PERSONAL NAME
Personal name Bader, Gary D.,
Relator term editor.
9 (RLIN) 107663
700 1# - ADDED ENTRY--PERSONAL NAME
Personal name Wishart, David Scott,
Relator term editor.
9 (RLIN) 107664
906 ## - LOCAL DATA ELEMENT F, LDF (RLIN)
a 7
b cbc
c orignew
d 1
e ecip
f 20
g y-gencatlg
942 ## - ADDED ENTRY ELEMENTS (KOHA)
Source of classification or shelving scheme
Koha item type Book
Holdings
Withdrawn status Lost status Damaged status Not for loan Permanent Location Current Location Date acquired Source of acquisition Total Checkouts Full call number Barcode Date last seen Copy number Price effective from Koha item type
        Atta-ur-Rahman School of Applied Biosciences (ASAB) Atta-ur-Rahman School of Applied Biosciences (ASAB) 01/25/2023 Purchase / (Progressive Books)   570.285 BAX 2020 3492 ASAB3492 01/25/2023 1 01/25/2023 Book
© 2023 Central Library, National University of Sciences and Technology. All Rights Reserved.